Проблемы системной надежности и безопасности транспорта газа: сборник научных трудов

التفاصيل البيبلوغرافية
مؤلفون مشاركون: Газпром, Научно-исследовательский институт природных газов и газовых технологий (ВНИИГАЗ)
مؤلفون آخرون: Казак А. С. (редактор), Харионовский В. В.
الملخص:Юбилейный сборник статей, подготовленный к 60-летию ООО «ВНИИГАЗ», объединяет работы специалистов Института, филиала ООО «Севернипигаз» и сотрудников ОАО «Газпром», посвященные решению научных проблем транспортировки углеводородного сырья. Охвачены вопросы технологической и конструктивной надежности газотранспортной системы, промышленной безопасности, энергетики на различных стадиях жизненного цикла объектов: проектирование, эксплуатация, диагностика и ремонт линейной части магистральных газопроводов и технологических трубопроводов компрессорных станций. Представлены новейшие научно-практические достижения и передовые технологии, полученные за последние годы в научных центрах головного института ОАО «Газпром».
اللغة:الروسية
منشور في: Москва, ВНИИГАЗ, 2008
الموضوعات:
التنسيق: كتاب
KOHA link:https://koha.lib.tpu.ru/cgi-bin/koha/opac-detail.pl?biblionumber=181755

MARC

LEADER 00000nam0a2200000 4500
001 181755
005 20231101223638.0
010 |a 9785897540402 
035 |a (RuTPU)RU\TPU\book\197022 
090 |a 181755 
100 |a 20100610d2008 k y0rusy50 ca 
101 0 |a rus 
102 |a RU 
105 |a a z 001zy 
200 1 |a Проблемы системной надежности и безопасности транспорта газа  |e сборник научных трудов  |f Газпром; Научно-исследовательский институт природных газов и газовых технологий (ВНИИГАЗ); под ред. А. С. Казака; В. В. Харионовского 
210 |a Москва  |c ВНИИГАЗ  |d 2008 
215 |a 328 с.  |c ил. 
320 |a Библиография в конце статей 
330 |a Юбилейный сборник статей, подготовленный к 60-летию ООО «ВНИИГАЗ», объединяет работы специалистов Института, филиала ООО «Севернипигаз» и сотрудников ОАО «Газпром», посвященные решению научных проблем транспортировки углеводородного сырья. Охвачены вопросы технологической и конструктивной надежности газотранспортной системы, промышленной безопасности, энергетики на различных стадиях жизненного цикла объектов: проектирование, эксплуатация, диагностика и ремонт линейной части магистральных газопроводов и технологических трубопроводов компрессорных станций. Представлены новейшие научно-практические достижения и передовые технологии, полученные за последние годы в научных центрах головного института ОАО «Газпром». 
606 1 |a Газоснабжение  |x Надежность  |x Горное дело  |2 stltpush  |3 (RuTPU)RU\TPU\subj\5214  |9 33344 
610 1 |a газ 
610 1 |a поставки 
610 1 |a транспорт 
610 1 |a системная надежность 
610 1 |a магистральные газопроводы 
610 1 |a техническое состояние 
610 1 |a технические требования 
610 1 |a соединительные детали 
610 1 |a трубные стали 
610 1 |a коррозионная стойкость 
610 1 |a антикоррозионные материалы 
610 1 |a антикоррозионные покрытия 
610 1 |a газовая гидравлика 
610 1 |a агрессивные среды 
610 1 |a аварии 
610 1 |a техническое обслуживание 
610 1 |a капитальный ремонт 
610 1 |a управление 
675 |a 622.691.4  |v 3 
702 1 |a Казак  |b А. С.  |4 340 
702 1 |a Харионовский  |b В. В.  |4 340 
712 0 2 |a Газпром  |c Открытое Акционерное Общество  |c (Москва)  |2 stltpush  |3 (RuTPU)RU\TPU\col\11 
712 0 2 |a Научно-исследовательский институт природных газов и газовых технологий (ВНИИГАЗ)  |c (Москва)  |2 stltpush  |3 (RuTPU)RU\TPU\col\16396 
801 1 |a RU  |b 63413507  |c 20100610 
801 2 |a RU  |b 63413507  |c 20210622  |g RCR 
942 |c BK 
959 |a 41/20100609  |d 1  |e 534,00  |f ЧЗТЛ:1